000 01097nam a2200265Ia 4500
999 _c53467
_d53467
001 20513
003 GE_BSU
005 20210109225159.0
008 181216s2000||||ge |||||||||||||| ||geo||
020 _a5-505-0-2155-7
040 _cGE_BSU
041 _ageo
080 _a811.353.1-8(075.3) ჭ-83
100 _aჭუმბურიძე, ზ.
_97722
245 _aქართული ენა :
_bმე-10 კლასის სახელმძღვ. /
_cზ. ჭუმბურიძე, რ. გაბეჩავა ; რედ.: ნ. სუხიტაშვილი.
250 _aმე-2 გამოცემა
264 _aთბილისი :
_bგანათლება,
_c2000.
300 _a184 გვ. ;
_c20 სმ.
541 _h4 ლ.
653 _aმე-10 კლასის სახელმძღვანელო
653 _aქართული ენა
700 _aგაბეჩავა, რ.
_eავტორი
_910027
700 _aსუხიტაშვილი, ნ.
_eრედაქტორი
_910028
942 _cBK
_2udc